000 00215nam a2200109Ia 4500
100 _a#N/A
942 _cBK
245 _aDigitJan 2013 SKOAR! The Interactive edn
260 _b#N/A
546 _aENGLISH
999 _c30486
_d30486